000 nam a22 7a 4500
999 _c82
_d82
005 20170417103611.0
008 170417b2009 -uk||||| |||| 00| 0 eng d
020 _a9781847981752
040 _aAKMAL
082 _a336.2714 VAT
090 _a336.2714
_bVAT
245 _aVAT PLANNING 2009-10
300 _c23cm
599 _aDALAM PROSES
650 _aTAXATION
_9229
942 _2ddc
_cBOOK